30 jeux vidéo à compléter - 2013 - Statistiques

Statistiques générales
  • Ce quiz a été pris 87 fois
  • Le résultat moyen est 16 sur 30
Statistiques - réponses
Hint Réponse % Correct
The ... of Us Last
90%
Grand ... Auto V Theft
88%
... Raider Tomb
88%
Luigi's ... 2 Mansion
81%
Assassin's Creed IV: ... Flag Black
75%
DmC: Devil ... Cry May
74%
Dota ... 2
72%
The Legend of Zelda: A ... Between Worlds Link
68%
Pokémon ... Y
68%
Super Mario 3D ... World
65%
Don't ... Starve
58%
...: Two Souls Beyond
57%
... Legends Rayman
55%
BioShock ... Infinite
52%
Papers, ... Please
52%
...: A Tale of Two Sons Brothers
49%
... 2 Payday
49%
The ... Parable Stanley
48%
Far Cry 3: ... Dragon Blood
46%
...last Out
46%
The ... Among Us Wolf
46%
Risk of ... Rain
42%
... : Les Dieux sont parmi nous Injustice
41%
Guaca...! Melee
39%
Batman: Arkham ... Origins
39%
Rogue ... Legacy
38%
... Home Gone
32%
... Rebirth Muramasa
29%
Metro: Last ... Light
28%
Persona 4 ... Golden
23%
Aucun quiz correspondant
Distribution des résultats
% des personnes avec chaque résultat
Percentile par nombre de réponses
Votre historique - résultats
Vous n’avez pas pris ce quiz